000
00285nam a2200109 a 4500
001
4140
005
20140414131940.0
008
090218s19uu xx 00 eng d
050
_a
TR 170
_b
M65 2005
245
_a
Mimi the selfish kitten :
_b
a book about sharing our toys.
999
_c
112584
_d
112584